| 000 | 00569nam a2200193 a 4500 | ||
|---|---|---|---|
| 005 | 20140310183221.0 | ||
| 008 | 030917s19uu xx 00 eng d | ||
| 020 | _a0256154554 | ||
| 050 |
_aG 164 _b.T78 1995 |
||
| 100 | _aTrooboff, Stevan K. | ||
| 245 |
_aTravel sales and customer service / _cStevan K. Trooboff. |
||
| 260 |
_aBurr Ridge, Illinois : _bIrwin Mirror Press, _c1995. |
||
| 300 |
_a215 p. : _bill. ; _c28 cm. |
||
| 500 | _aIncludes Index | ||
| 521 | _aTOU | ||
| 650 |
_aTravel agents _xvoacational guidance |
||
| 942 |
_cBK _2lcc _kFOR |
||
| 999 |
_c20330 _d20330 |
||